[Event "Valle Region-ch U20 Girls"]
[Site "Cali"]
[Date "2012.01.28"]
[Round "3.2"]
[White "Barba, Deina Alexandra"]
[Black "Cardoso Cardoso, Jaidy Marcela"]
[Result "1-0"]
[WhiteElo "1699"]
[BlackElo "1533"]
[PlyCount "69"]
[EventDate "2012.01.27"]
[EventType "swiss"]
[EventRounds "7"]
[EventCountry "COL"]
[SourceTitle "EXT 2024"]
[Source "ChessBase"]
[SourceDate "2023.10.10"]
[SourceVersion "1"]
[SourceVersionDate "2023.10.10"]
[SourceQuality "1"]

1. e4 d5 2. exd5 Qxd5 3. Nc3 Qa5 4. d3 c6 5. Nf3 Nf6 6. Bd2 Bg4 7. Ne4 Qc7 8. Ng3 Nbd7 9. h3 Bh5 10. Nxh5 Nxh5 11. g3 e6 12. Bg2 Bc5 13. d4 Bb6 14. c3 0-0-0 15. Ng5 Nxg3 16. fxg3 Qxg3+ 17. Kf1 Ne5 18. Qe1 Qd3+ 19. Qe2 Qf5+ 20. Qf2 Qg6 21. Be4 Qh5 22. Qe2 Qh4 23. dxe5 Rxd2 24. Qxd2 Rd8 25. Nf3 Qxe4 26. Qe2 Qf5 27. Rd1 g5 28. Rxd8+ Kxd8 29. Kg2 g4 30. Nd4 gxh3+ 31. Rxh3 Qb1 32. Qd3 Qxb2+ 33. Qc2 Qa1 34. Rh1 Qxh1+ 35. Kxh1 1-0

[Event "COL-ch U16 Girls"]
[Site "Cali"]
[Date "2011.05.25"]
[Round "8.1"]
[White "Barba, Deina Alexandra"]
[Black "Cespedes Galindo, Estefania"]
[Result "0-1"]
[WhiteElo "1695"]
[BlackElo "1822"]
[PlyCount "42"]
[EventDate "2011.05.25"]
[EventType "tourn"]
[EventRounds "9"]
[EventCountry "COL"]
[SourceTitle "EXT 2024"]
[Source "ChessBase"]
[SourceDate "2023.10.10"]
[SourceVersion "1"]
[SourceVersionDate "2023.10.10"]
[SourceQuality "1"]

1. e4 c5 2. Nf3 e6 3. d4 cxd4 4. Nxd4 Nf6 5. f3 a6 6. Be2 Bc5 7. Be3 Qc7 8. Qd3 0-0 9. Nd2 b5 10. Bg5 Be7 11. g4 Nc6 12. N2b3 Re8 13. Nxc6 dxc6 14. Bd2 b4 15. f4 c5 16. c3 Bb7 17. Qe3 Bxe4 18. Rg1 Bb7 19. c4 Ne4 20. Bd3 Bh4+ 21. Kf1 Bf2 0-1

[Event "COL-ch U16 Girls"]
[Site "Cali"]
[Date "2011.05.25"]
[Round "5.1"]
[White "Castrillon Gomez, Melissa"]
[Black "Barba, Deina Alexandra"]
[Result "0-1"]
[WhiteElo "2082"]
[BlackElo "1695"]
[PlyCount "124"]
[EventDate "2011.05.25"]
[EventType "tourn"]
[EventRounds "9"]
[EventCountry "COL"]
[SourceTitle "EXT 2024"]
[Source "ChessBase"]
[SourceDate "2023.10.10"]
[SourceVersion "1"]
[SourceVersionDate "2023.10.10"]
[SourceQuality "1"]

1. e4 c5 2. Nf3 g6 3. d4 cxd4 4. Nxd4 Nc6 5. Nc3 Bg7 6. Be3 Nf6 7. Bc4 Qa5 8. 0-0 0-0 9. Bb3 d6 10. h3 Bd7 11. f4 Nxd4 12. Bxd4 Bc6 13. Qe1 Qb4 14. Rd1 Nxe4 15. Bxg7 Kxg7 16. Nd5 Qc5+ 17. Kh2 Nf6 18. Nc7 Bxg2 19. Qxe7 Bxh3 20. Kxh3 Qh5+ 21. Kg3 Qg4+ 22. Kf2 Qh4+ 23. Ke2 Rae8 24. Ne6+ Kh8 25. Qxf8+ Rxf8 26. Nxf8 Kg7 27. Nxg6 hxg6 28. Kd2 Qg3 29. Kc1 Qe3+ 30. Kb1 Ne4 31. Ka1 Nd2 32. Rfe1 Nxb3+ 33. axb3 Qxf4 34. Rf1 Qh2 35. Kb1 f5 36. Rh1 Qe5 37. Rde1 Qf6 38. Re8 g5 39. Rhe1 Kf7 40. Rb8 Qd4 41. Rxb7+ Kf6 42. Ree7 a6 43. Rg7 g4 44. Ka2 Ke5 45. Ka3 Qc5+ 46. b4 Qxc2 47. b5 Qd3+ 48. Kb4 axb5 49. Rxb5+ Ke4 50. Ka4 g3 51. Rb3 Qa6+ 52. Kb4 Kd4 53. Rgxg3 f4 54. Rgf3 Ke4 55. Ra3 Qb6+ 56. Ka4 Qxb2 57. Rfb3 Qc2 58. Kb5 d5 59. Rb4+ d4 60. Kb6 Qc1 61. Rbb3 Qg1 62. Rd3 Qb1+ 0-1

[Event "COL-ch U16 Girls"]
[Site "Cali"]
[Date "2011.05.25"]
[Round "1.1"]
[White "Galvis, Selene"]
[Black "Barba, Deina Alexandra"]
[Result "1-0"]
[WhiteElo "1857"]
[BlackElo "1695"]
[PlyCount "101"]
[EventDate "2011.05.25"]
[EventType "tourn"]
[EventRounds "9"]
[EventCountry "COL"]
[SourceTitle "EXT 2024"]
[Source "ChessBase"]
[SourceDate "2023.10.10"]
[SourceVersion "1"]
[SourceVersionDate "2023.10.10"]
[SourceQuality "1"]

1. e4 c5 2. Nf3 Nc6 3. d4 cxd4 4. Nxd4 g6 5. Nc3 Bg7 6. Be3 Nf6 7. Qd2 d5 8. exd5 Nxd5 9. Nxc6 bxc6 10. Bd4 e5 11. Bc5 Be6 12. 0-0-0 Qa5 13. Nxd5 Qxd2+ 14. Rxd2 Bxd5 15. Rd1 f5 16. c4 Be4 17. f3 Bh6+ 18. Rd2 Rd8 19. Bb4 Bxd2+ 20. Bxd2 Bd3 21. Bg5 Rd6 22. Bxd3 Rxd3 23. Bf6 Rf8 24. Bxe5 Rf7 25. Re1 Kf8 26. Kc2 Rfd7 27. Bc3 Kf7 28. h3 R3d6 29. b4 a6 30. a4 Rb7 31. Re5 Re6 32. Rxe6 Kxe6 33. Kd3 h5 34. Be1 Rd7+ 35. Kc3 Rd1 36. Bh4 Rc1+ 37. Kb3 Ke5 38. b5 Rb1+ 39. Kc2 Rb4 40. Kc3 Rxa4 41. b6 Ra3+ 42. Kb4 Ra1 43. Kc5 Rb1 44. Kxc6 Rb4 45. Bg3+ f4 46. Bf2 Rxc4+ 47. Bc5 Rc2 48. b7 Rb2 49. Bb6 Ke6 50. b8Q Rc2+ 51. Bc5 1-0

[Event "COL-ch U16 Girls"]
[Site "Cali"]
[Date "2011.05.25"]
[Round "7.1"]
[White "Mercado, Luisa Fernanda"]
[Black "Barba, Deina Alexandra"]
[Result "1-0"]
[WhiteElo "2054"]
[BlackElo "1695"]
[PlyCount "83"]
[EventDate "2011.05.25"]
[EventType "tourn"]
[EventRounds "9"]
[EventCountry "COL"]
[SourceTitle "EXT 2024"]
[Source "ChessBase"]
[SourceDate "2023.10.10"]
[SourceVersion "1"]
[SourceVersionDate "2023.10.10"]
[SourceQuality "1"]

1. e4 c5 2. Nc3 Nc6 3. f4 e6 4. Nf3 Nge7 5. d3 d5 6. e5 a6 7. a4 b6 8. Be2 Bb7 9. Bd2 Nf5 10. Bf1 Nfd4 11. Nxd4 Nxd4 12. g3 Rb8 13. Bg2 Be7 14. Ne2 Nxe2 15. Qxe2 d4 16. Bxb7 Rxb7 17. 0-0 Qd5 18. f5 g6 19. fxe6 Qxe6 20. Qe4 Rc7 21. Bh6 Bf8 22. Rf6 Qc8 23. e6 Bxh6 24. exf7+ Kf8 25. Raf1 Be3+ 26. Kg2 Re7 27. Qd5 Qb7 28. Rc6 Kg7 29. Qd6 Bg5 30. h4 Re2+ 31. Kh3 Be7 32. Qd5 Rc8 33. Rxg6+ hxg6 34. Qxb7 Rf8 35. Qxb6 Rxc2 36. Qe6 Bd8 37. Qe5+ Kh7 38. h5 Rxb2 39. Qe4 Rb6 40. a5 Rd6 41. Qe5 Rc6 42. Qe8 1-0

[Event "COL-ch U16 Girls"]
[Site "Cali"]
[Date "2011.05.25"]
[Round "3.1"]
[White "Pachon Gutierrez, Adriana Paola"]
[Black "Barba, Deina Alexandra"]
[Result "0-1"]
[WhiteElo "1976"]
[BlackElo "1695"]
[PlyCount "65"]
[EventDate "2011.05.25"]
[EventType "tourn"]
[EventRounds "9"]
[EventCountry "COL"]
[SourceTitle "EXT 2024"]
[Source "ChessBase"]
[SourceDate "2023.10.10"]
[SourceVersion "1"]
[SourceVersionDate "2023.10.10"]
[SourceQuality "1"]

1. e4 c5 2. c3 d5 3. exd5 Qxd5 4. d4 e6 5. Nf3 Nf6 6. Na3 cxd4 7. Nb5 Qd7 8. Nbxd4 Nc6 9. Bb5 Qc7 10. Nxc6 bxc6 11. Ba4 Be7 12. Nd4 Bd7 13. Qf3 Nd5 14. 0-0 0-0 15. c4 Nb4 16. a3 c5 17. Nb5 Bxb5 18. Bxb5 Nc2 19. Bf4 e5 20. Qc3 Nd4 21. Bxe5 Qxe5 22. Rfe1 Qc7 23. Ba4 Bf6 24. Qe3 Ne6 25. Rab1 Qf4 26. Qd3 Rad8 27. Qf1 Rd2 28. Re2 Rfd8 29. Rd1 Rxd1 30. Bxd1 Qxc4 31. Qe1 Qc1 32. Bb3 Qxe1+ 33. Rxe1 0-1

[Event "South Region-ch U16 Girls"]
[Site "Cali"]
[Date "2011.04.05"]
[Round "2.1"]
[White "Barba, Deina Alexandra"]
[Black "Munoz, Laura Alexandra"]
[Result "0-1"]
[WhiteElo "1703"]
[BlackElo "1919"]
[PlyCount "44"]
[EventDate "2011.04.05"]
[EventType "swiss"]
[EventRounds "7"]
[EventCountry "COL"]
[SourceTitle "EXT 2024"]
[Source "ChessBase"]
[SourceDate "2023.10.10"]
[SourceVersion "1"]
[SourceVersionDate "2023.10.10"]
[SourceQuality "1"]

1. e4 c5 2. Nf3 d6 3. d4 cxd4 4. Nxd4 Nf6 5. Nc3 a6 6. Bg5 e6 7. f4 Be7 8. Qf3 Nbd7 9. g4 Qc7 10. 0-0-0 b5 11. Bxf6 Nxf6 12. g5 Nd7 13. f5 Ne5 14. Qf4 b4 15. Nce2 Nc4 16. fxe6 fxe6 17. Qg3 e5 18. Nb3 0-0 19. h4 a5 20. Ng1 a4 21. Nd2 Nxd2 22. Rxd2 Rxf1+ 0-1

[Event "South Region-ch U16 Girls"]
[Site "Cali"]
[Date "2011.04.05"]
[Round "1.1"]
[White "Bolanos Calvache, Brigeth Vanessa"]
[Black "Barba, Deina Alexandra"]
[Result "0-1"]
[WhiteElo "1733"]
[BlackElo "1703"]
[PlyCount "54"]
[EventDate "2011.04.05"]
[EventType "swiss"]
[EventRounds "7"]
[EventCountry "COL"]
[SourceTitle "EXT 2024"]
[Source "ChessBase"]
[SourceDate "2023.10.10"]
[SourceVersion "1"]
[SourceVersionDate "2023.10.10"]
[SourceQuality "1"]

1. e4 c5 2. Nf3 Nc6 3. d4 cxd4 4. Nxd4 g6 5. Be3 Nf6 6. Nc3 d6 7. Qd2 Ng4 8. 0-0-0 Nxe3 9. Qxe3 Bg7 10. Nce2 a6 11. h4 Bd7 12. h5 b5 13. h6 Bf6 14. f4 0-0 15. e5 Bh8 16. e6 fxe6 17. Nxe6 Bxe6 18. Qxe6+ Rf7 19. f5 gxf5 20. Rh5 Qc8 21. Qd5 Kf8 22. a3 Be5 23. Rg5 e6 24. Qf3 Rb8 25. Nf4 Nd4 26. Nxe6+ Qxe6 27. Qh5 Bf4+ 0-1

[Event "South Region-ch U16 Girls"]
[Site "Cali"]
[Date "2011.04.05"]
[Round "5.1"]
[White "Viveros, Mariana Yibeth"]
[Black "Barba, Deina Alexandra"]
[Result "0-1"]
[WhiteElo "1727"]
[BlackElo "1703"]
[PlyCount "88"]
[EventDate "2011.04.05"]
[EventType "swiss"]
[EventRounds "7"]
[EventCountry "COL"]
[SourceTitle "EXT 2024"]
[Source "ChessBase"]
[SourceDate "2023.10.10"]
[SourceVersion "1"]
[SourceVersionDate "2023.10.10"]
[SourceQuality "1"]

1. e4 c5 2. Nf3 Nc6 3. d4 cxd4 4. Nxd4 g6 5. Nc3 Bg7 6. Be3 Nf6 7. f3 0-0 8. Qd2 d5 9. 0-0-0 dxe4 10. Nxe4 Nxe4 11. fxe4 Bxd4 12. Bxd4 Nxd4 13. Qxd4 Qxd4 14. Rxd4 Be6 15. g3 Rad8 16. Rxd8 Rxd8 17. Be2 Rc8 18. b3 Kg7 19. Rd1 Rc7 20. Kb2 Kf6 21. c4 Rd7 22. Rxd7 Bxd7 23. Bf3 Ke5 24. Kc3 Bc6 25. Kd3 f5 26. Ke3 fxe4 27. Bh1 b6 28. b4 h6 29. h4 Kf5 30. Bg2 Ke5 31. g4 g5 32. h5 Bd7 33. Bh3 Be6 34. c5 bxc5 35. bxc5 Bxa2 36. c6 Be6 37. Bg2 Bxg4 38. Bxe4 a5 39. c7 Kd6 40. c8R Bxc8 41. Bb1 a4 42. Kf3 a3 43. Ba2 Be6 44. Bxe6 Kxe6 0-1

[Event "Armenia Nacional Escolar U17"]
[Site "Armenia"]
[Date "2011.03.09"]
[Round "2.1"]
[White "Valencia Gantiva, Cristian"]
[Black "Barba, Deina Alexandra"]
[Result "1-0"]
[WhiteElo "1960"]
[BlackElo "1703"]
[PlyCount "96"]
[EventDate "2011.03.09"]
[EventType "swiss"]
[EventRounds "7"]
[EventCountry "COL"]
[SourceTitle "EXT 2024"]
[Source "ChessBase"]
[SourceDate "2023.10.10"]
[SourceVersion "1"]
[SourceVersionDate "2023.10.10"]
[SourceQuality "1"]

1. e4 c5 2. Nf3 Nc6 3. d4 cxd4 4. Nxd4 g6 5. Be3 Bg7 6. Nc3 Nf6 7. f3 0-0 8. Qd2 d5 9. exd5 Nxd5 10. Nxc6 bxc6 11. Nxd5 cxd5 12. c3 e5 13. Rd1 Be6 14. b3 Qc7 15. Be2 e4 16. Bd4 Rac8 17. 0-0 Bxd4+ 18. cxd4 Qc2 19. fxe4 Qxe4 20. Bf3 Qc2 21. Rf2 Qxd2 22. Rfxd2 Rc6 23. Kf2 Rfc8 24. Re1 Kf8 25. h4 Rc2 26. Ke2 Ke7 27. Rb1 Kd6 28. b4 R8c4 29. Rxc2 Rxc2+ 30. Ke3 Rxa2 31. b5 Bf5 32. Rc1 Ra3+ 33. Kf4 Bd7 34. Rc5 Be6 35. Rc6+ Kd7 36. Ke5 Re3+ 37. Kf6 Rb3 38. Rc5 Rd3 39. Ke5 Re3+ 40. Kf6 h6 41. Bxd5 Rg3 42. Bf3 Bh3 43. Bc6+ Kd6 44. Rd5+ Kc7 45. gxh3 Rxh3 46. Rd7+ Kb6 47. Rb7+ Ka5 48. Kxf7 Rxh4 1-0

[Event "Cali Region-ch U16 Girls"]
[Site "Cali"]
[Date "2011.??.??"]
[Round "6.1"]
[White "Barba, Deina Alexandra"]
[Black "Camacho, Lina Marcela"]
[Result "0-1"]
[WhiteElo "1703"]
[BlackElo "1690"]
[PlyCount "54"]
[EventDate "2011.12.04"]
[EventType "swiss"]
[EventRounds "7"]
[EventCountry "COL"]
[SourceTitle "EXT 2024"]
[Source "ChessBase"]
[SourceDate "2023.10.10"]
[SourceVersion "1"]
[SourceVersionDate "2023.10.10"]
[SourceQuality "1"]

1. e4 c5 2. Nf3 e6 3. d4 cxd4 4. Nxd4 a6 5. Nc3 Qc7 6. Be3 Nf6 7. f3 Bb4 8. Bd2 Nc6 9. Nxc6 bxc6 10. Ne2 Bc5 11. Bc3 Be7 12. Qd2 d5 13. exd5 cxd5 14. 0-0-0 0-0 15. g4 Rd8 16. Ba5 Qd7 17. Bxd8 Qxd8 18. Nd4 Bb7 19. h4 Rc8 20. h5 Ne8 21. Nb3 Qb6 22. g5 Nd6 23. Kb1 Nc4 24. Bxc4 dxc4 25. Nd4 c3 26. Qc1 Bxg5 27. b3 Bd2 0-1

[Event "COL Intercollegiate U14 Girls"]
[Site "Zipaquira"]
[Date "2010.09.06"]
[Round "2.1"]
[White "Barba, Deina Alexandra"]
[Black "Rodriguez Rueda, Paula Andrea"]
[Result "0-1"]
[WhiteElo "1705"]
[BlackElo "2099"]
[PlyCount "48"]
[EventDate "2010.09.04"]
[EventType "swiss"]
[EventRounds "5"]
[EventCountry "COL"]
[SourceTitle "EXT 2024"]
[Source "ChessBase"]
[SourceDate "2023.10.10"]
[SourceVersion "1"]
[SourceVersionDate "2023.10.10"]
[SourceQuality "1"]

1. e4 c5 2. Nf3 d6 3. d4 cxd4 4. Nxd4 Nf6 5. Nc3 a6 6. Bg5 e6 7. f4 Be7 8. Qf3 Qc7 9. 0-0-0 Nbd7 10. g4 b5 11. Bxf6 Nxf6 12. g5 Nd7 13. f5 Bxg5+ 14. Kb1 Nc5 15. fxe6 Bxe6 16. Nd5 Bxd5 17. exd5 0-0 18. h4 Bf6 19. Nf5 Rac8 20. Rg1 Na4 21. Rd2 Bxb2 22. Nxg7 Kh8 23. Bd3 Qa5 24. Rh2 Qb4 0-1

[Event "Buga School Girls A"]
[Site "Buga"]
[Date "2010.07.24"]
[Round "3.2"]
[White "Arroyabe, Marisol"]
[Black "Barba, Deina Alexandra"]
[Result "0-1"]
[WhiteElo "1500"]
[BlackElo "1701"]
[PlyCount "76"]
[EventDate "2010.07.23"]
[EventType "swiss (rapid)"]
[EventRounds "5"]
[EventCountry "COL"]
[SourceTitle "EXT 2024"]
[Source "ChessBase"]
[SourceDate "2023.10.10"]
[SourceVersion "1"]
[SourceVersionDate "2023.10.10"]
[SourceQuality "1"]

1. e4 c5 2. Nf3 Nc6 3. Bc4 Nf6 4. Nc3 g6 5. d3 Bg7 6. Be3 d6 7. h3 a6 8. a4 Na5 9. Bd5 Nxd5 10. exd5 b6 11. d4 Nc4 12. Ra2 Nxe3 13. fxe3 0-0 14. e4 Re8 15. 0-0 e6 16. Re1 Qc7 17. b3 cxd4 18. Ne2 e5 19. Qd3 f5 20. c3 fxe4 21. Qxe4 Bf5 22. Qh4 dxc3 23. Ng5 Bf6 24. Rc1 Bxg5 25. Qxg5 Qc5+ 26. Kh2 c2 27. Rb2 Qa3 28. Rbxc2 Bxc2 29. Rxc2 Qxb3 30. Rc6 Qxd5 31. Rxb6 Reb8 32. Rxb8+ Rxb8 33. Ng3 Qe6 34. Nh5 Qf5 35. Nf6+ Kg7 36. Nh5+ Kf7 37. Qh6 Qxh5 38. Qxh5 gxh5 0-1

[Event "Cali Deptal Valle (Women)"]
[Site "Cali"]
[Date "2010.05.17"]
[Round "7"]
[White "Mateus, Martha"]
[Black "Barba, Deina Alexandra"]
[Result "1-0"]
[WhiteElo "2158"]
[BlackElo "1703"]
[PlyCount "61"]
[EventDate "2010.05.14"]
[EventType "swiss"]
[EventRounds "8"]
[EventCountry "COL"]
[SourceTitle "EXT 2024"]
[Source "ChessBase"]
[SourceDate "2023.10.10"]
[SourceVersion "1"]
[SourceVersionDate "2023.10.10"]
[SourceQuality "1"]

1. e4 c5 2. Nf3 Nc6 3. c3 d5 4. exd5 Qxd5 5. d4 e6 6. Be3 Nf6 7. Bd3 cxd4 8. cxd4 Be7 9. Nc3 Qd6 10. 0-0 0-0 11. Rc1 Nd5 12. Bb1 Re8 13. Re1 b6 14. Nb5 Qd7 15. Qc2 g6 16. Qxc6 Qxc6 17. Rxc6 Bd7 18. Ne5 Bxc6 19. Nxc6 a6 20. Nxe7+ Rxe7 21. Nc3 Nxc3 22. bxc3 Rc8 23. Bd2 Kf8 24. a4 h5 25. Bd3 a5 26. Rb1 e5 27. d5 e4 28. Ba6 Rc5 29. c4 Ra7 30. Rxb6 Ke8 31. Be3 1-0

[Event "COL-ch School U17 Girls"]
[Site "Yumbo"]
[Date "2010.04.27"]
[Round "6.1"]
[White "Barba, Deina Alexandra"]
[Black "Mercado, Luisa Fernanda"]
[Result "0-1"]
[WhiteElo "1703"]
[BlackElo "2045"]
[PlyCount "78"]
[EventDate "2010.04.27"]
[EventType "swiss"]
[EventRounds "7"]
[EventCountry "COL"]
[SourceTitle "EXT 2024"]
[Source "ChessBase"]
[SourceDate "2023.10.10"]
[SourceVersion "1"]
[SourceVersionDate "2023.10.10"]
[SourceQuality "1"]

1. e4 e5 2. Bc4 Nf6 3. d3 Nc6 4. Nf3 d5 5. exd5 Nxd5 6. c3 Bg4 7. Nbd2 Qd7 8. h3 Bf5 9. Ne4 0-0-0 10. Nh4 Bxe4 11. dxe4 Nf6 12. Qe2 Nxe4 13. Bxf7 Nxf2 14. Kxf2 Qxf7+ 15. Qf3 Qxf3+ 16. Nxf3 Bc5+ 17. Be3 Bxe3+ 18. Kxe3 Rhe8 19. Ke4 h6 20. Rad1 Rd6 21. Rd5 Kd7 22. Rhd1 Ree6 23. Rxd6+ cxd6 24. Rd5 Ne7 25. Ra5 a6 26. c4 Kc6 27. b4 Ng6 28. g3 Ne7 29. Nd2 Rf6 30. Nf3 Re6 31. Nd2 Rg6 32. g4 Re6 33. Nf3 Ng6 34. h4 Rf6 35. h5 Rf4+ 36. Ke3 Nf8 37. g5 Rxc4 38. gxh6 gxh6 39. Rxe5 Rc3+ 0-1

[Event "Valle Region-ch U16 Girls"]
[Site "Yumbo"]
[Date "2010.02.27"]
[Round "4.1"]
[White "Barba, Deina Alexandra"]
[Black "Garcia, Linda Alexandra"]
[Result "0-1"]
[WhiteElo "1707"]
[BlackElo "1563"]
[PlyCount "46"]
[EventDate "2010.02.26"]
[EventType "swiss"]
[EventRounds "7"]
[EventCountry "COL"]
[SourceTitle "EXT 2024"]
[Source "ChessBase"]
[SourceDate "2023.10.10"]
[SourceVersion "1"]
[SourceVersionDate "2023.10.10"]
[SourceQuality "1"]

1. e4 e6 2. d4 d5 3. Nc3 Nf6 4. e5 Nfd7 5. Nf3 c5 6. dxc5 Bxc5 7. Bd3 a6 8. 0-0 b5 9. a3 Bb7 10. Re1 Nc6 11. Bf4 Rc8 12. Qe2 Nd4 13. Qd1 Qb6 14. Be3 Nxf3+ 15. gxf3 Bxe3 16. fxe3 Nxe5 17. Kg2 h5 18. e4 d4 19. Ne2 g5 20. f4 Ng4 21. Nxd4 gxf4 22. Kf3 Ke7 23. Nb3 Qf2# 0-1

[Event "Valle Region-ch U16 Girls"]
[Site "Yumbo"]
[Date "2010.02.27"]
[Round "5.3"]
[White "Saenz, Estefany"]
[Black "Barba, Deina Alexandra"]
[Result "0-1"]
[WhiteElo "1630"]
[BlackElo "1707"]
[PlyCount "47"]
[EventDate "2010.02.26"]
[EventType "swiss"]
[EventRounds "7"]
[EventCountry "COL"]
[SourceTitle "EXT 2024"]
[Source "ChessBase"]
[SourceDate "2023.10.10"]
[SourceVersion "1"]
[SourceVersionDate "2023.10.10"]
[SourceQuality "1"]

1. d4 c5 2. d5 Nf6 3. c4 e6 4. dxe6 fxe6 5. Bg5 g6 6. e4 Qa5+ 7. Qd2 Qxd2+ 8. Nxd2 Bg7 9. g3 Nc6 10. a3 Nd4 11. Rc1 0-0 12. Bg2 Ng4 13. f3 Ne5 14. Be7 Rf7 15. Bxc5 Nd3+ 16. Kd1 Nxb2+ 17. Ke1 Nd3+ 18. Kd1 Nxc1 19. Kxc1 b6 20. Bb4 Nc6 21. Ne2 Nxb4 22. axb4 Bb7 23. Rd1 a5 24. b5 0-1

[Event "Cali op-D 11th"]
[Site "Cali"]
[Date "2009.12.28"]
[Round "5.3"]
[White "Barba, Deina Alexandra"]
[Black "Rodriguez Velasco, German Enrique"]
[Result "0-1"]
[WhiteElo "1787"]
[BlackElo "2057"]
[PlyCount "30"]
[EventDate "2009.12.26"]
[EventType "swiss"]
[EventRounds "8"]
[EventCountry "COL"]
[SourceTitle "EXT 2024"]
[Source "ChessBase"]
[SourceDate "2023.10.10"]
[SourceVersion "1"]
[SourceVersionDate "2023.10.10"]
[SourceQuality "1"]

1. e4 c5 2. Nf3 e6 3. d4 cxd4 4. Nxd4 a6 5. Nc3 Qc7 6. Be2 Nf6 7. f3 Nc6 8. Nb3 b5 9. a3 d6 10. 0-0 Be7 11. Kh1 Bb7 12. Be3 0-0 13. Qe1 Ne5 14. Nd2 d5 15. Qf2 dxe4 0-1